| 000 | 01290 aa a2200265 4500 | ||
|---|---|---|---|
| 005 | 20090922141936.0 | ||
| 008 | 080912t xxu||||| |||| 00| 0 hin d | ||
| 010 | _aHIN-87958 | ||
| 020 |
_a8178793628 _c450.00 |
||
| 035 | _aHN-60304 | ||
| 037 | _bDBAD / PUB | ||
| 082 | _a796.069 | ||
| 100 | _aवैद्य,राजेश | ||
| 245 |
_aखेल प्रबन्धन / _cराजेश वैद्य |
||
| 246 |
_aKhel prabandhan _bby Rajesh Vaidya |
||
| 260 |
_aनई दिल्ली _bस्पोर्टस पब्लिकेशन _c2009 |
||
| 270 |
_a7/26, (ग्राउंड फ्लोर) अंसारी रोड, दरियागंज _bनई दिल्ली _e110002 _k(ऑ)55749511,55326118)(नि.)27562163(मो.)9868028838 _mlakshaythani@hotmail.com |
||
| 300 |
_a234पृ _c22सेमी(सजिल्द) |
||
| 650 | _aखेल-कूद | ||
| 650 | _aSports | ||
| 650 | _aखेल-कूद प्रशासन | ||
| 650 | _aSports administration | ||
| 942 |
_adpl _cHN _2ddc _h796.069 _mवैद्यरा |
||
| 999 |
_c30574 _d30574 |
||